000 00345nam a2200157Ia 4500
003 0STCL
008 150530s9999 xx 000 0 und d
040 _aSTCL
_cSTCL
100 _aBelloc, H; Ed
245 _aCatholic church and history
260 _c1930
546 _aEnglish
942 _2ddc
_cBK
999 _c5332
_d5332
005 20220125165411.0